MLB Opening Day Lineups 2023 - Statistics

General Stats
  • This quiz has been taken 3,412 times
  • The average score is 126 of 300
Answer Stats
Team Pos Answer % Correct
Blue Jays 1B Vladimir Guerrero Jr.
85%
Blue Jays SS Bo Bichette
82%
Yankees CF Aaron Judge
80%
Angels DH/P | SP Shohei Ohtani
78%
Angels CF Mike Trout
77%
Blue Jays RF George Springer
74%
Red Sox DH Justin Turner
74%
Phillies SS Trea Turner
74%
Braves RF Ronald Acuña Jr.
73%
Orioles CF Cedric Mullins
72%
Dodgers RF Mookie Betts
72%
Dodgers C Will Smith
72%
Nationals 1B Dominic Smith
71%
Yankees SP Gerrit Cole
71%
Rangers LF Josh Smith
71%
Dodgers 1B Freddie Freeman
70%
Mariners CF Julio Rodriguez
70%
Orioles C Adley Rutschman
69%
Tigers SP Eduardo Rodriguez
69%
Rays DH Harold Ramirez
69%
Guardians 3B Jose Ramirez
69%
Blue Jays C Alejandro Kirk
68%
Yankees 1B Anthony Rizzo
68%
Yankees RF Giancarlo Stanton
68%
Guardians DH Josh Bell
68%
Royals SS Bobby Witt Jr.
67%
Mets SS Francisco Lindor
67%
Braves 1B Matt Olson
67%
White Sox SS Tim Anderson
67%
Brewers RF Brian Anderson
66%
Blue Jays 3B Matt Chapman
66%
Mets 1B Pete Alonso
66%
Red Sox 3B Rafael Devers
66%
Rays SS Wander Franco
66%
Astros 3B Alex Bregman
65%
Marlins LF Bryan De La Cruz
65%
Rangers SS Corey Seager
65%
Braves 2B Ozzie Albies
65%
Giants C Roberto Perez
65%
Royals C Salvador Perez
65%
Braves 3B Austin Riley
64%
Cardinals 3B Nolan Arenado
64%
Astros LF Yordan Alvarez
64%
Twins SS Carlos Correa
63%
Brewers LF Christian Yelich
63%
Red Sox SS Enrique Hernandez
63%
Padres 3B Manny Machado
63%
Cardinals 1B Paul Goldschmidt
63%
Mariners RF Teoscar Hernandez
63%
Athletics SS Aledyms Diaz
62%
Rockies C Elias Diaz
62%
Mets SP Max Scherzer
62%
Pirates SS Oneil Cruz
62%
Astros DH Yainer Diaz
62%
Rays 1B Yandy Diaz
62%
Yankees SS Anthony Volpe
61%
Astros SS Jeremy Pena
61%
Phillies C J.T. Realmuto
61%
Padres LF Juan Soto
61%
Rangers 2B Marcus Semien
61%
Phillies SP Aaron Nola
60%
Padres C Austin Nola
60%
Diamondbacks 2B Ketel Marte
60%
Mets RF Starling Marte
60%
Cubs CF Cody Bellinger
59%
Cubs SS Dansby Swanson
59%
Rangers SP Jacob deGrom
59%
Astros 1B Jose Abreu
59%
Phillies DH Kyle Schwarber
59%
Rangers CF Adolis Garcia
58%
Angels 3B Anthony Rendon
58%
Rays 2B Brandon Lowe
58%
Pirates 2B Ji Hwan Bae
58%
Nationals 2B Luis Garcia
58%
White Sox CF Luis Robert Jr.
58%
Tigers DH Miguel Cabrera
58%
Rangers 1B Nathaniel Lowe
58%
Rays LF Randy Arozarena
58%
Marlins RF Avisail Garcia
57%
Yankees 3B Josh Donaldson
57%
Dodgers SP Julio Urias
57%
Braves SP Max Fried
57%
Yankees LF Oswaldo Cabrera
57%
Twins DH Byron Buxton
56%
Brewers SP Corbin Burnes
56%
Tigers SS Javier Baez
56%
Astros RF Kyle Tucker
56%
Brewers 3B Luis Urias
56%
Orioles 3B Ramon Urias
56%
Braves C Sean Murphy
56%
Guardians SP Shane Bieber
56%
Mets CF Brandon Nimmo
55%
Braves CF Michael Harris II
55%
Cardinals C Wilson Contreras
55%
Blue Jays SP Alek Manoah
54%
Giants SS Brandon Crawford
54%
Mariners SS J.P. Crawford
54%
Orioles 1B Ryan Mountcastle
54%
Brewers C William Contreras
54%
Yankees 2B DJ LeMahieu
53%
Yankees DH Gleyber Torres
53%
Mets 2B Jeff McNeil
53%
Padres SS Xander Bogaerts
53%
Guardians LF Steven Kwan
52%
Red Sox RF Alex Verdugo
51%
Blue Jays LF Daulton Varsho
51%
Orioles DH Gunnar Henderson
51%
Marlins SP Sandy Alcantara
51%
Orioles LF Anthony Santander
50%
Diamondbacks 1B Christian Walker
50%
Astros SP Framber Valdez
50%
Cardinals RF Jordan Walker
50%
Braves LF Marcell Ozuna
50%
Dodgers 3B Max Muncy
50%
Diamondbacks CF Corbin Carroll
49%
Marlins 2B Luis Arraez
49%
Phillies 3B Alec Bohm
48%
Guardians SS Amed Rosario
48%
Rockies 1B C.J. Cron
48%
Padres SP Blake Snell
47%
Blue Jays DH Brandon Belt
47%
Dodgers DH J.D. Martinez
47%
Blue Jays CF Kevin Kiermaier
47%
Phillies RF Nick Castellanos
47%
Diamondbacks SP Zac Gallen
47%
White Sox SP Dylan Cease
46%
Reds SP Hunter Greene
46%
Marlins CF Jazz Chisholm Jr.
46%
Reds 2B Jonathan India
46%
Tigers CF Riley Greene
46%
Guardians 2B Andres Gimenez
45%
Orioles RF Austin Hays
45%
Orioles SS Jorge Mateo
45%
Braves SS Orlando Arcia
45%
Brewers SS Willy Adames
45%
Yankees C Jose Trevino
44%
Twins CF Michael Taylor
44%
Rays SP Shane McClanahan
44%
Guardians 1B Josh Naylor
43%
Mariners 2B Kolten Wong
43%
Rockies RF Kris Bryant
43%
Diamondbacks LF Lourdes Gurriel Jr.
43%
Mariners SP Luis Castillo
43%
Cubs 2B Nico Hoerner
43%
Phillies CF Brandon Marsh
42%
Pirates LF Bryan Reynolds
42%
Padres 2B Ha-Seong Kim
42%
Astros C Martin Maldonado
42%
Twins SP Pablo Lopez
42%
Royals SP Zack Greinke
42%
Phillies 2B Bryson Stott
41%
Mariners C Cal Raleigh
41%
Mariners 3B Eugenio Suarez
41%
Rangers C Jonah Heim
41%
Giants SP Logan Webb
41%
Twins RF Max Kepler
41%
Brewers 1B Rowdy Tellez
41%
Cardinals SS Tommy Edman
41%
White Sox C Yasmani Grandal
41%
Rockies DH Charlie Blackmon
40%
Padres 1B Jake Cronenworth
40%
Mariners 1B Ty France
40%
Athletics CF Esteury Ruiz
39%
Marlins DH Jorge Soler
39%
Nationals C Keibert Ruiz
39%
Cubs SP Marcus Stroman
39%
Padres CF Trent Grisham
39%
Blue Jays 2B Whit Merrifield
39%
White Sox DH Eloy Jimenez
38%
Cubs LF Ian Happ
38%
Red Sox LF Masataka Yoshida
38%
Angels LF Taylor Ward
38%
Braves DH Travis d'Arnaud
38%
White Sox 3B Yoan Moncada
38%
Angels RF Hunter Renfroe
37%
Rangers 3B Josh Jung
37%
Pirates 3B KeBryan Hayes
37%
Tigers 1B Spencer Torkelson
37%
Red Sox 1B Triston Casas
37%
Nationals RF Lane Thomas
36%
Dodgers SS Miguel Rojas
36%
Pirates DH Andrew McCutchen
35%
White Sox 1B Andrew Vaughn
35%
Mets 3B Eduardo Escobar
35%
Athletics 2B Tony Kemp
35%
Orioles 2B Adam Frazier
34%
Nationals SS CJ Abrams
34%
Mets DH Daniel Vogelbach
34%
Orioles SP Kyle Gibson
34%
Cardinals SP Miles Mikolas
34%
Guardians CF Myles Straw
34%
Nationals SP Patrick Corbin
34%
Pirates 1B Carlos Santana
33%
Dodgers CF James Outman
33%
Red Sox CF Adam Duvall
32%
Twins 1B Joey Gallo
31%
Guardians C Mike Zunino
31%
Cubs 3B Patrick Wisdom
31%
Royals 1B Vinnie Pasquantino
31%
Cubs C Yan Gomes
31%
Red Sox SP Corey Kluber
30%
Giants DH Joc Pederson
30%
Angels C Logan O'Hoppe
30%
White Sox LF Andrew Benintendi
29%
Cubs 1B Eric Hosmer
29%
Diamondbacks 3B Evan Longoria
29%
Rockies SP German Marquez
29%
Rays CF Jose Siri
29%
Mets LF Mark Canha
29%
Pirates SP Mitch Keller
29%
Cubs DH Trey Mancini
29%
Cardinals CF Tyler O'Neill
29%
Cardinals LF Lars Nootbaar
28%
Royals RF MJ Melendez
28%
White Sox RF Romy Gonzalez
28%
Reds C Tyler Stephenson
28%
Twins C Christian Vazquez
27%
Rays 3B Isaac Paredes
27%
Padres DH Matt Carpenter
27%
Rays C Christian Bethancourt
26%
Marlins 1B Garrett Cooper
26%
Marlins 3B Jean Segura
26%
Giants 1B Lamonte Wade Jr.
26%
Rays RF Manuel Margot
26%
Rockies 2B Ryan McMahon
26%
Cardinals 2B Brendan Donovan
25%
Diamondbacks C Gabriel Moreno
25%
Marlins C Jacob Stallings
25%
Diamondbacks DH Kyle Lewis
25%
Dodgers 2B Miguel Vargas
25%
Athletics LF Seth Brown
25%
Nationals 3B Jeimer Candelario
24%
Brewers DH Jesse Winker
24%
Nationals DH Joey Meneses
24%
Dodgers LF David Peralta
23%
Angels SS Gio Urshela
23%
Angels 2B Luis Rengifo
23%
Giants RF Michael Conforto
23%
Cardinals DH Nolan Gorman
23%
Red Sox C Reese McGuire
23%
Tigers LF Austin Meadows
22%
Angels 1B Brandon Drury
22%
Mariners LF Jarred Kelenic
22%
Astros 2B Mauricio Dubon
22%
Mets C Omar Narvaez
22%
Nationals CF Victor Robles
22%
Giants 3B Wilmer Flores
22%
Red Sox 2B Christian Arroyo
21%
Phillies 1B Darick Hall
21%
Tigers C Eric Haase
21%
Royals DH Franmil Reyes
21%
Giants CF Mike Yastrzemski
21%
Reds 3B Spencer Steer
21%
Padres RF David Dahl
20%
Athletics 1B Jesus Aguilar
20%
Marlins SS Joey Wendle
20%
Tigers 2B Jonathan Schoop
20%
Diamondbacks SS Nick Ahmed
20%
Athletics RF Ramon Laureano
20%
Athletics C Shea Langeliers
20%
Pirates C Austin Hedges
19%
Rangers DH Brad Miller
19%
White Sox 2B Elvis Andrus
19%
Rockies SS Ezequiel Tovar
19%
Royals 3B Hunter Dozier
18%
Giants 2B Thairo Estrada
18%
Reds RF Wil Myers
18%
Brewers 2B Brice Turang
17%
Rockies LF Harold Castro
17%
Athletics 3B Jace Peterson
17%
Astros CF Jake Meyers
17%
Twins 2B Nick Gordon
17%
Rangers RF Robbie Grossman
17%
Brewers CF Garrett Mitchell
16%
Phillies LF Jake Cave
16%
Reds CF TJ Friedl
16%
Pirates CF Jack Suwinski
15%
Diamondbacks RF Jake McCarthy
15%
Tigers RF Matt Vierling
15%
Reds DH Jake Fraley
14%
Twins 3B Jose Miranda
14%
Nationals LF Alex Call
13%
Royals CF Kyle Isbel
13%
Athletics SP Kyle Muller
12%
Royals 2B Michael Massey
11%
Twins LF Trevor Larnach
11%
Guardians RF Will Brennan
11%
Mariners DH Tommy La Stella
10%
Reds LF Will Benson
10%
Royals LF Edward Olivares
9%
Rockies CF Yonathan Daza
9%
Cubs RF Miles Mastrobuoni
8%
Giants LF Blake Sabol
7%
Rockies 3B Elehuris Montero
7%
Reds 1B Jason Vosler
6%
Pirates RF Canaan Smith-Njigba
5%
Athletics DH Conner Capel
5%
Reds SS Jose Barrero
5%
Tigers 3B Ryan Kreidler
5%
No matching quizzes found
Score Distribution
Percent of People with Each Score
Percentile by Number Answered
Your Score History
You have not taken this quiz